00900nam a22001817a 4500003000900000008004100009040007100050082002400121100001600145245003500161260003100196300003900227440002800266505037100294650001700665650001500682650002100697AR-CdUCM190405b ||||| |||| 00| 0 spa d aMUNICIPALIDAD PROVINCIAL DEL CUSCOcBIBLIOTECA MUNICIPAL DEL CUSCO aC / 869.5099 /bN56 aNieto, Luis aPoetas y Escritores Peruanos / aCusco :bGarcilaso,c1957. a72 páginas ;bretratos, c25 cm. aEdiciones Sol y piedra. aContenido: Abelardo M. Gamarra, "El Tunante" -- Juan Parra del Riego, el poeta de los polirritmos -- Ubicación de José Santos Chocano -- Clorinda Matto de Turner, la gran rebelde -- José Diez Canseco, criollista y planfletario -- Mariano Melgar, poeta y prócer -- Recuerdo de José Gálvez -- Ricardo Palma, nuestro tradicionista -- Me moriré en París. aBiografías aLiteratura aAutores Peruanos